Central Library and Information Centre
Sibsagar Girls' College, Sivasagar : Assam

FOLK LITERATURE OF ASSAM (Record no. 654)

MARC details
000 -LEADER
fixed length control field 00372cam a2200169ua 4500
008 - FIXED-LENGTH DATA ELEMENTS--GENERAL INFORMATION
fixed length control field 190409n II |||gr||||Z||||||eng
040 ## - CATALOGING SOURCE
Original cataloging agency MAIN
041 ## - LANGUAGE CODE
-- English
082 ## - DEWEY DECIMAL CLASSIFICATION NUMBER
Classification number 891.451 GOS
100 ## - MAIN ENTRY--PERSONAL NAME
Personal name GOSWAMI ,PROFULLA DUTTA.
245 ## - TITLE STATEMENT
Title FOLK LITERATURE OF ASSAM
250 ## - EDITION STATEMENT
Edition statement 1965.
300 ## - PHYSICAL DESCRIPTION
Dimensions 20CM.
942 ## - ADDED ENTRY ELEMENTS (KOHA)
Koha item type Books
653 ## - INDEX TERM--UNCONTROLLED
Uncontrolled term ASSAMESE LITERATURE
Holdings
Withdrawn status Lost status Damaged status Not for loan Collection code Home library Current library Shelving location Date acquired Full call number Barcode Date last seen Copy number Price effective from Koha item type
        REFASM Central Library and Information Centre Sibsagar Girls College Central Library and Information Centre Sibsagar Girls College Assamese Culture 19.04.1967 891.451 GOS 00723 27.02.2020 1 27.02.2020 Books


Sibsagar Girl's College © 2020. All rights reserved.
Powered by Koha.
Maintained by Abhijit Borpuzari.